Top ten states that grow the most potatoes - Statistics

General Stats
  • This quiz has been taken 32 times
  • The average score is 9 of 10
Answer Stats
Rank Amount in 2022(1 = 1000 potatoes) State % Correct
4th 27,540 Oregon
100%
2nd 99,688 Washington
100%
10th 10,543 California
97%
1st 144,980 Idaho
97%
7th 21,098 Colorado
90%
5th 26,250 North Dakota
90%
8th 18,240 Minnesota
83%
3rd 29,363 Wisconsin
79%
9th 17,884 Maine
72%
6th 21,533 Michigan
72%
No matching quizzes found
Score Distribution
Percent of People with Each Score
Percentile by Number Answered
Your Score History
You have not taken this quiz